Science Quiz

Random Science or Animal Quiz

Striped Creatures Quiz Stats

 Plays Quiz Updated May 30, 2018

Score 0/12 Timer 02:00
4 Plays Today
% Correct
Tiger
96.2%
Bee
96%
Zebra
95.8%
Ring-tailed Lemur
90.8%
Striped Pyjama Squid
90.1%
Zebra Moray Eel
86%
Japanese Striped Snake
82.9%
Tapir
82.4%
Numbat
77.7%
Western Bongo
77.3%
Okapi
71.8%
Kudu
66%

You're not logged in!

Compare scores with friends on all Sporcle quizzes.
OR
Log In

Sporcle TV

Today on Sporcle TV


Watch our educational content, quiz creation guides, and fun videos on Sporcle TV.

Show Comments

Extras

Top Quizzes Today


Score Distribution

Your Account Isn't Verified!

In order to create a playlist on Sporcle, you need to verify the email address you used during registration. Go to your Sporcle Settings to finish the process.

Report this User

Report this user for behavior that violates our Community Guidelines.

Details: